Normal view MARC view
  • Puebla

Entry Nombre Geográfico

Number of records used in: 1

001 - NÚMERO DE CONTROL

  • campo de control: 47501

003 - IDENTIFICADOR DE NUMERO DE CONTROL

  • campo de control: MX-MxUPN

005 - FECHA Y HORA DE LA ÜLTIMA TRANSACCIÓN

  • campo de control: 20221129155958.0

008 - DATOS DE LONGITUD FIJA

  • campo de control de longitud fija: 221129|| acn||aabn | a|a d

040 ## - FUENTE DE CATALOGACIÓN

  • Agencia de catalogación original: MX-MxUPN
  • Lenguaje de catalogación: spa
  • Agencia de transcripción: MX-MxUPN

151 ## - ENCABEZAMIENTO - NOMBRE GEOGRÁFICO

  • Nombre geográfico: Puebla
  • Subdivisión general : Impresos
  • Subdivisión general : Historia
  • Subdivisión cronológica : Siglo XVIII

670 ## - FUENTE EN LA QUE SE LOCALIZARON DATOS

  • Cita de la fuente: Biblioteca del Congreso (Estados Unidos), 29 noviembre 2022:
  • Información localizada: (Puebla de Zaragoza (Mexico)--Imprints--History--18th century)

902 ## - CATALOGADOR

  • Catalogador: Víctor Ruiz/291122